[Event "Troisdorf op"]
[Site "Troisdorf"]
[Date "2012.11.27"]
[Round "6"]
[White "Doering, Mirko"]
[Black "Friedrich, Johannes"]
[Result "1-0"]
[WhiteElo "1804"]
[BlackElo "1323"]
[PlyCount "61"]
[EventDate "2012.10.23"]
[EventType "swiss"]
[EventRounds "7"]
[EventCountry "GER"]
[SourceTitle "EXT 2014"]
[Source "ChessBase"]
[SourceDate "2013.11.20"]
[SourceVersion "1"]
[SourceVersionDate "2013.11.20"]
[SourceQuality "1"]

1. e4 c5 2. Nf3 Nc6 3. d4 cxd4 4. Nxd4 d6 5. Nc3 Nf6 6. Be2 e6 7. Be3 Be7 8. 0-0 0-0 9. f4 e5 10. Nxc6 bxc6 11. Qe1 Bb7 12. Qg3 exf4 13. Bxf4 d5 14. Bh6 Ne8 15. e5 Bh4 16. Qf3 gxh6 17. g3 Bg5 18. Bd3 Qb6+ 19. Kh1 Qe3 20. Qf5 Nf6 21. exf6 Qxd3 22. Qxd3 d4 23. Ne4 c5 24. h4 Rfe8 25. Rae1 Be3 26. Rxe3 dxe3 27. Rf4 Rxe4 28. Rxe4 Re8 29. Kg1 Bxe4 30. Qxe3 Bc6 31. Qxh6 1-0

[Event "Troisdorf op"]
[Site "Troisdorf"]
[Date "2012.11.13"]
[Round "4"]
[White "Doering, Mirko"]
[Black "Kuhn, Andreas"]
[Result "1/2-1/2"]
[WhiteElo "1804"]
[BlackElo "1944"]
[PlyCount "62"]
[EventDate "2012.10.23"]
[EventType "swiss"]
[EventRounds "7"]
[EventCountry "GER"]
[SourceTitle "EXT 2014"]
[Source "ChessBase"]
[SourceDate "2013.11.20"]
[SourceVersion "1"]
[SourceVersionDate "2013.11.20"]
[SourceQuality "1"]

1. e4 d6 2. d4 Nf6 3. Bd3 e5 4. d5 c6 5. c4 Nbd7 6. Be3 Be7 7. Nf3 Ng4 8. Qd2 Nxe3 9. Qxe3 0-0 10. Nc3 Nc5 11. Bc2 f5 12. exf5 Bxf5 13. Bxf5 Rxf5 14. 0-0 Nd7 15. Rae1 c5 16. Ne4 Nf8 17. Ng3 Rf7 18. Ne4 Rb8 19. a4 a6 20. b3 h6 21. Nfd2 b5 22. axb5 axb5 23. f4 exf4 24. Rxf4 Rxf4 25. Qxf4 bxc4 26. Nxc4 Rxb3 27. Nexd6 Bxd6 28. Nxd6 Qf6 29. Qxf6 gxf6 30. Ne4 Nd7 31. Rc1 Rd3 1/2-1/2

[Event "Leverkusen Bayer op 10th"]
[Site "Leverkusen"]
[Date "2012.03.28"]
[Round "7"]
[White "Doering, Mirko"]
[Black "Teuber, Alfons"]
[Result "1-0"]
[WhiteElo "1581"]
[BlackElo "1061"]
[PlyCount "89"]
[EventDate "2012.01.11"]
[EventType "swiss"]
[EventRounds "7"]
[EventCountry "GER"]
[SourceTitle "EXT 2014"]
[Source "ChessBase"]
[SourceDate "2013.11.20"]
[SourceVersion "1"]
[SourceVersionDate "2013.11.20"]
[SourceQuality "1"]

1. e4 e5 2. Nf3 Nf6 3. Nxe5 Nxe4 4. Qe2 Nd6 5. Nc6+ Qe7 6. Nxe7 Bxe7 7. Qf3 0-0 8. Bd3 Nc6 9. 0-0 Ne5 10. Qh3 Nxd3 11. Qxd3 Bf6 12. Nc3 a6 13. Nd5 Bd8 14. b3 c6 15. Ne3 Bf6 16. Rb1 Nb5 17. Bb2 Bxb2 18. Rxb2 d5 19. c4 Nc7 20. cxd5 cxd5 21. Nxd5 Nxd5 22. Qxd5 Re8 23. Rbb1 Rb8 24. Qd6 Be6 25. Rfe1 Rbd8 26. Qb4 b5 27. d4 Rd5 28. Rbc1 Red8 29. Qa5 R5d6 30. a4 bxa4 31. Qxa4 g6 32. b4 Bd7 33. Qa5 Bb5 34. Qa1 Rxd4 35. Re8+ Rxe8 36. Qxd4 h5 37. g4 hxg4 38. Qxg4 Kg7 39. h4 f6 40. Rc7+ Kh6 41. Qf4+ g5 42. hxg5+ Kh5 43. Rh7+ Kg6 44. Rh6+ Kg7 45. Qxf6+ 1-0

[Event "Leverkusen Bayer op 10th"]
[Site "Leverkusen"]
[Date "2012.01.25"]
[Round "2"]
[White "Schimpf, Rolf"]
[Black "Doering, Mirko"]
[Result "0-1"]
[WhiteElo "1676"]
[BlackElo "1581"]
[PlyCount "74"]
[EventDate "2012.01.11"]
[EventType "swiss"]
[EventRounds "7"]
[EventCountry "GER"]
[SourceTitle "EXT 2014"]
[Source "ChessBase"]
[SourceDate "2013.11.20"]
[SourceVersion "1"]
[SourceVersionDate "2013.11.20"]
[SourceQuality "1"]

1. c4 Nf6 2. Nc3 c6 3. e4 e5 4. Nf3 d6 5. g3 g6 6. Bg2 Bg7 7. 0-0 Bg4 8. h3 Bxf3 9. Qxf3 0-0 10. d3 Qc7 11. Be3 Nbd7 12. Rad1 Rad8 13. Qe2 Rfe8 14. f3 Nh5 15. Qf2 a6 16. g4 Nf4 17. Bxf4 exf4 18. d4 Nf8 19. Qd2 g5 20. Kh2 Ng6 21. Rfe1 h6 22. b4 Qc8 23. Qc2 Nh4 24. Rd3 d5 25. cxd5 cxd5 26. e5 f6 27. Qb3 Kh8 28. Nxd5 Rxd5 29. Rc3 Qd8 30. Rec1 Rxd4 31. exf6 Qxf6 32. Rc8 Red8 33. Kg1 Rd2 34. Bf1 Qd4+ 35. Kh1 Qf2 36. Rxd8+ Rxd8 37. Rd1 Bd4 0-1